[Event "28th Pula Open 2014"]
[Site "Pula CRO"]
[Date "2014.06.10"]
[Round "4.24"]
[White "Vincenzi, Marco"]
[Black "Mihalinec, Damir"]
[Result "0-1"]
[WhiteElo "2047"]
[BlackElo "2247"]
[WhiteFideId "814679"]
[BlackFideId "14504260"]
[EventDate "2014.06.07"]
[EventType "swiss"]

1. d4 Nf6 2. c4 g6 3. Nc3 d5 4. cxd5 Nxd5 5. e4 Nxc3 6. bxc3 Bg7 7. Nf3 O-O 8.
Rb1 c5 9. Be2 b6 10. Be3 Qc7 11. O-O Bb7 12. Bd3 Nd7 13. Qd2 Rfe8 14. Rfe1 Rad8
15. a4 Nf6 16. Bh6 Bh8 17. d5 c4 18. Bf1 e6 19. Bf4 Qc8 20. d6 Nxe4 21. Rxe4
Bxe4 22. Rd1 Bd5 23. Ne5 Qc5 24. Ng4 Qa5 25. Be5 Bxe5 26. Nxe5 Rxd6 27. Ng4 Red8
28. Qd4 h5 29. Nf6+ Kf8 30. Nh7+ Ke8 31. Qh8+ Kd7 32. Qf6 Kc8 33. Qxf7 Qxa4 34.
Be2 Qc2 35. Qxa7 Qxe2 36. Ra1 Bb7 37. h3 Rd1+ 38. Kh2 Qxf2 0-1

[Event "28th Pula Open 2014"]
[Site "Pula CRO"]
[Date "2014.06.10"]
[Round "4.25"]
[White "Cherin, Diego"]
[Black "Kuntner, Reinhard2"]
[Result "0-1"]
[WhiteTitle "FM"]
[WhiteElo "2239"]
[BlackElo "2075"]
[WhiteFideId "816922"]
[BlackFideId "1630555"]
[EventDate "2014.06.07"]
[EventType "swiss"]

1. e4 Nf6 2. e5 Nd5 3. d4 d6 4. Nf3 Bg4 5. Be2 e6 6. O-O Be7 7. c4 Nb6 8. exd6
cxd6 9. Nc3 O-O 10. h3 Bh5 11. Be3 N8d7 12. b3 f5 13. Bc1 h6 14. Ne1 Bf7 15. f4
Nf6 16. Nc2 Rc8 17. g4 g6 18. Rf2 Kh7 19. Rg2 Nbd7 20. Bd3 d5 21. Ne3 Ne4 22.
Bxe4 dxe4 23. Ne2 Qc7 24. Qe1 Rg8 25. Bb2 Nb8 26. a3 Bf6 27. g5 Bg7 28. h4 Nc6
29. Bc3 Rcd8 30. Nc2 Qb6 31. Qd2 Qxb3 32. Ne3 e5 33. fxe5 Nxe5 34. Qb2 Qxb2 35.
Bxb2 Nf3+ 36. Kh1 Nxh4 37. Rg3 hxg5 38. Rh3 Bf6 39. Rb1 Kg7 40. d5 Bxb2 41. Rxb2
Rd7 42. Nd4 Kf6 43. Kg1 Ke5 44. Rd2 Rc8 45. Kf2 a6 46. Rh1 Rc5 47. Rb1 Kd6 48.
Rb6+ Ke7 49. Nb3 Rc8 50. d6+ Kd8 51. Na5 f4 52. Nxb7+ Ke8 53. c5 fxe3+ 54. Kxe3
Nf5+ 55. Kxe4 Ne7 56. Ke5 Nc6+ 57. Kf6 Kf8 58. Re2 g4 59. Rh2 Kg8 60. Rg2 Bd5 0-1

[Event "28th Pula Open 2014"]
[Site "Pula CRO"]
[Date "2014.06.10"]
[Round "4.26"]
[White "Dudas, Eszter"]
[Black "Wagner, Rainer"]
[Result "0-1"]
[WhiteTitle "WIM"]
[WhiteElo "2227"]
[BlackElo "2074"]
[WhiteFideId "728306"]
[BlackFideId "24612600"]
[EventDate "2014.06.07"]
[EventType "swiss"]

1. e4 c5 2. Nf3 Nf6 3. e5 Nd5 4. d4 cxd4 5. Qxd4 e6 6. c4 Nb4 7. Qc3 N8c6 8. Be2
Nxa2 9. Qc2 Nxc1 10. Qxc1 d6 11. exd6 Bxd6 12. O-O O-O 13. Rd1 Qe7 14. Nc3 Rd8
15. Ne4 Bb4 16. Rxd8+ Qxd8 17. Qf4 Qe7 18. Rd1 e5 19. Qe3 Bg4 20. Neg5 Bh5 21.
Rd5 f6 22. Ne4 Bf7 23. Rd1 Rd8 24. Rc1 f5 25. Neg5 Bc5 26. Qb3 Nd4 27. Nxd4 Qxg5 0-1

[Event "28th Pula Open 2014"]
[Site "Pula CRO"]
[Date "2014.06.10"]
[Round "5.1"]
[White "Drazic, Sinisa"]
[Black "Zufic, Miroslav"]
[Result "0-1"]
[WhiteTitle "GM"]
[BlackTitle "IM"]
[WhiteElo "2433"]
[BlackElo "2470"]
[WhiteFideId "901172"]
[BlackFideId "14506157"]
[EventDate "2014.06.07"]
[EventType "swiss"]

1. Nf3 Nf6 2. g3 b6 3. Bg2 Bb7 4. O-O c5 5. c4 g6 6. Nc3 Bg7 7. d4 cxd4 8. Qxd4
O-O 9. Rd1 Ne4 10. Qd3 Nxc3 11. bxc3 d6 12. Nd4 Qc8 13. Bxb7 Qxb7 14. a4 Nd7 15.
Nc2 Rfc8 16. Bf4 Nc5 17. Qe3 Nb3 18. Rab1 Na5 19. Bg5 Nxc4 20. Qd3 Rc5 21. h4
Rac8 22. Nb4 h6 23. Bc1 Ne5 24. Qd2 Rxc3 25. h5 gxh5 26. Nd5 Rd3 27. Qxd3 Nxd3
28. Rxd3 e6 29. Nf4 Qe4 30. Be3 d5 31. f3 Qxa4 32. Kf2 Rc2 33. Rbd1 Qa2 34. Bd2
a5 35. Ke1 Bf8 36. Kf1 Bb4 37. Be3 Bc5 38. Bd2 b5 39. Bc3 b4 40. Be5 Qc4 41.
Nxh5 Rc1 42. Nf6+ Kf8 43. Ke1 Rxd1+ 44. Kxd1 a4 45. Kd2 a3 46. e4 d4 47. Nd7+
Ke7 48. Nxc5 Qxc5 49. Bxd4 Qc4 50. e5 b3 51. Bb6 Qb4+ 0-1

[Event "28th Pula Open 2014"]
[Site "Pula CRO"]
[Date "2014.06.10"]
[Round "5.2"]
[White "Jovanovic, Zoran"]
[Black "Schnider, Gert"]
[Result "1/2-1/2"]
[WhiteTitle "GM"]
[BlackTitle "FM"]
[WhiteElo "2556"]
[BlackElo "2354"]
[WhiteFideId "14505320"]
[BlackFideId "1606310"]
[EventDate "2014.06.07"]
[EventType "swiss"]

1. e4 e5 2. Nf3 Nc6 3. Bc4 Bc5 4. c3 Nf6 5. d3 a6 6. Bb3 Ba7 7. O-O d6 8. Be3
O-O 9. Nbd2 Be6 10. Bc2 Ne7 11. Nh4 d5 12. Bxa7 Rxa7 13. Qe2 dxe4 14. dxe4 c5
15. Rfd1 b5 16. Nf5 Qc8 17. Ne3 Ng4 18. a4 Nxe3 19. Qxe3 Rd7 20. Nf3 f6 21. Rxd7
Bxd7 22. axb5 axb5 23. Nd2 Qc7 24. Nb3 Rc8 25. Nxc5 Qxc5 26. Qxc5 Rxc5 27. Ra7
Bc8 28. Rxe7 Kf8 29. Ra7 b4 30. Kf1 bxc3 31. b4 Rc4 32. b5 Ke8 33. Rxg7 Bd7 34.
b6 Rb4 35. Rg3 Rxb6 36. Rxc3 Rc6 37. Rxc6 Bxc6 38. Ke2 Kf7 39. Bb3+ Kg7 40. Ke3
Bd7 41. Bc2 Bc6 42. g3 h6 43. Bd1 Bd7 44. Bh5 Bc6 45. Bg4 Ba4 46. Bf5 Bb3 47.
Kd3 Kf7 48. Kc3 Ba2 49. Bc8 Ke7 50. Ba6 Be6 51. Bc4 Bd7 52. Bg8 Bc6 53. Bh7 Be8
54. Kd3 Ba4 55. Ke2 Bc2 56. Kf3 Bd1+ 57. Kg2 Kf7 58. Kh3 Kg7 59. Bf5 Bf3 60. Kh4
Kf7 61. g4 Kg7 62. Kg3 Bd1 63. Bd7 Kf7 64. f4 exf4+ 65. Kxf4 Be2 66. Bc6 Ba6 67.
Bd7 Bc4 68. Kf5 Kg7 69. Bc6 Ba6 70. Bd5 Bc8+ 71. Be6 Ba6 72. h4 Bb5 73. Kf4 Kf8
74. Bc8 Bc4 75. Ke3 Bb3 76. Kd4 Ke7 77. Bf5 Bf7 78. e5 Bb3 79. Ke4 fxe5 80. Kxe5
Kf7 1/2-1/2

[Event "28th Pula Open 2014"]
[Site "Pula CRO"]
[Date "2014.06.10"]
[Round "5.3"]
[White "Bosiocic, Marin"]
[Black "Franciskovic, Borka"]
[Result "1/2-1/2"]
[WhiteTitle "GM"]
[BlackTitle "WIM"]
[WhiteElo "2543"]
[BlackElo "2310"]
[WhiteFideId "14507927"]
[BlackFideId "14507943"]
[EventDate "2014.06.07"]
[EventType "swiss"]

1. d4 Nf6 2. c4 e6 3. Nc3 Bb4 4. e3 c5 5. Ne2 cxd4 6. exd4 d5 7. c5 O-O 8. a3
Bxc3+ 9. Nxc3 b6 10. b4 Qe7 11. Bf4 bxc5 12. bxc5 e5 13. Bxe5 Nc6 14. f4 Nxe5
15. fxe5 Ne4 16. Nxe4 dxe4 17. Qe2 Bb7 18. Qe3 Bd5 19. Be2 f6 20. exf6 Rxf6 21.
Rb1 Raf8 22. g3 Qf7 23. Rc1 h6 24. Kd2 Qc7 25. Rhf1 Rxf1 26. Rxf1 Qa5+ 27. Kc2
Qa4+ 28. Kd2 Qa5+ 29. Kc2 Qa4+ 30. Kd2 Qa5+ 1/2-1/2

[Event "28th Pula Open 2014"]
[Site "Pula CRO"]
[Date "2014.06.10"]
[Round "5.4"]
[White "Bontempi, Piero"]
[Black "Fercec, Nenad"]
[Result "0-1"]
[WhiteTitle "FM"]
[BlackTitle "GM"]
[WhiteElo "2361"]
[BlackElo "2495"]
[WhiteFideId "809250"]
[BlackFideId "14500299"]
[EventDate "2014.06.07"]
[EventType "swiss"]

1. e4 c5 2. b3 Nc6 3. Bb2 d6 4. Bb5 Bd7 5. c4 a6 6. Bxc6 Bxc6 7. d3 e6 8. Ne2 d5
9. Qc2 dxe4 10. dxe4 Qh4 11. Nd2 Nf6 12. Ng3 O-O-O 13. Nf3 Bxe4 14. Qe2 Bxf3 15.
Qxf3 Bd6 16. O-O Qf4 17. Qe2 h5 18. Rfe1 h4 19. Nf1 h3 20. g3 Qf5 21. f3 Bc7 22.
Rad1 Rxd1 23. Rxd1 Rd8 24. Ne3 Rxd1+ 25. Qxd1 Qg5 26. Kf2 Be5 27. Qd2 Ng4+ 28.
fxg4 Qf6+ 29. Ke2 Bxb2 30. Qd6 Bd4 31. Nc2 Qf2+ 32. Kd3 Qf3+ 33. Kd2 Bc3+ 0-1

[Event "28th Pula Open 2014"]
[Site "Pula CRO"]
[Date "2014.06.10"]
[Round "5.5"]
[White "Doric, Nenad"]
[Black "Tratar, Marko"]
[Result "1/2-1/2"]
[WhiteTitle "IM"]
[BlackTitle "GM"]
[WhiteElo "2303"]
[BlackElo "2484"]
[WhiteFideId "14501694"]
[BlackFideId "14600684"]
[EventDate "2014.06.07"]
[EventType "swiss"]

1. e4 e6 2. d4 d5 3. Nd2 Nc6 4. Ngf3 Nf6 5. e5 Nd7 6. Be2 f6 7. exf6 Qxf6 8. Nf1
Bd6 9. Ne3 O-O 10. O-O Nb6 1/2-1/2

[Event "28th Pula Open 2014"]
[Site "Pula CRO"]
[Date "2014.06.10"]
[Round "5.6"]
[White "Fodor, Tamas Jr."]
[Black "Doncevic, Dario"]
[Result "1-0"]
[WhiteTitle "GM"]
[BlackTitle "IM"]
[WhiteElo "2462"]
[BlackElo "2294"]
[WhiteFideId "723762"]
[BlackFideId "14504553"]
[EventDate "2014.06.07"]
[EventType "swiss"]

1. d4 Nf6 2. c4 g6 3. Nc3 d5 4. cxd5 Nxd5 5. Bd2 Bg7 6. e4 Nb6 7. Be3 O-O 8. h3
f5 9. exf5 Bxf5 10. Qb3+ Kh8 11. Nf3 Nc6 12. Rd1 a5 13. Ne5 Qe8 14. Bb5 a4 15.
Nxa4 Na5 16. Bxe8 Nxb3 17. Nxb6 cxb6 18. Bxg6 hxg6 19. axb3 Kh7 20. O-O b5 21.
Rc1 Rfc8 22. f3 Be6 23. b4 Bc4 24. Rf2 Bb3 25. Rc5 b6 26. Rc3 Ra1+ 27. Rf1 Rxf1+
28. Kxf1 Rxc3 29. bxc3 Bxe5 30. dxe5 Kg7 31. Bxb6 Kf7 32. h4 e6 33. Kf2 Bc4 34.
Ke3 Bf1 35. g3 Bc4 36. Bd8 Bd5 37. Bf6 Kg8 38. g4 Kf7 39. f4 Bc4 40. Kd4 Be2 41.
Kc5 Bd3 42. h5 gxh5 43. gxh5 Bc4 44. Kd6 Bb3 45. Kd7 Bc4 46. Bh4 Bd3 47. h6 Bc4
48. h7 Kg7 49. f5 exf5 50. e6 1-0

[Event "28th Pula Open 2014"]
[Site "Pula CRO"]
[Date "2014.06.10"]
[Round "5.7"]
[White "Rukavina, Josip"]
[Black "Zierke, Oliver"]
[Result "1/2-1/2"]
[WhiteTitle "IM"]
[BlackTitle "FM"]
[WhiteElo "2410"]
[BlackElo "2253"]
[WhiteFideId "14500191"]
[BlackFideId "4607244"]
[EventDate "2014.06.07"]
[EventType "swiss"]

1. Nf3 d5 2. c4 e6 3. b3 Nf6 4. g3 c5 5. Bg2 Nc6 6. O-O Be7 7. e3 O-O 8. Bb2 b6
9. Nc3 Bb7 10. Qe2 Qd7 11. Rfd1 d4 12. exd4 cxd4 13. Nb5 d3 14. Qf1 Bc5 15. Bxf6
gxf6 16. Ne1 Rad8 17. Be4 f5 18. Bg2 e5 19. Bd5 e4 20. Qh3 a6 21. Nc3 Nd4 22.
Qh5 Kh8 23. Ng2 Bxd5 24. Nxd5 Qd6 25. Kh1 b5 26. Nde3 Qg6 27. Qh3 Qg5 28. Rab1
bxc4 29. bxc4 Rb8 30. Qh4 f6 31. Qf4 Qxf4 32. Nxf4 Kg8 33. Nfd5 Kf7 34. Nc7 Be7
35. Nxa6 Rxb1 36. Rxb1 Ra8 37. Rb6 Bd8 38. Rd6 Nf3 39. Nxf5 Nxd2 40. Rc6 Nxc4
41. Rxc4 Rxa6 42. Rxe4 d2 43. Rd4 Rxa2 44. Rxd8 Ra1+ 45. Kg2 d1=Q 46. Rxd1 Rxd1
47. g4 Kg6 48. h4 h5 49. f3 hxg4 50. fxg4 Rd3 51. Ng3 Ra3 52. Kf2 Ra4 53. Kf3
Ra3+ 54. Kf4 1/2-1/2

[Event "28th Pula Open 2014"]
[Site "Pula CRO"]
[Date "2014.06.10"]
[Round "5.8"]
[White "Lizak, Peter"]
[Black "Muskardin, Mario"]
[Result "1/2-1/2"]
[WhiteTitle "IM"]
[WhiteElo "2401"]
[BlackElo "2248"]
[WhiteFideId "731595"]
[BlackFideId "14518180"]
[EventDate "2014.06.07"]
[EventType "swiss"]

1. c4 e5 2. g3 Nf6 3. Bg2 d5 4. cxd5 Nxd5 5. Nc3 Nb6 6. e3 Nc6 7. Nge2 Be7 8.
O-O O-O 9. f4 Nb4 10. fxe5 Nd3 11. Nf4 Nxe5 12. d4 Ng6 13. a4 a5 14. Nxg6 hxg6
15. h4 c6 16. e4 Be6 17. d5 cxd5 18. exd5 Bf5 19. Nb5 Bc5+ 20. Kh2 Nc4 21. Qe2
Nd6 22. Nxd6 Bxd6 1/2-1/2

[Event "28th Pula Open 2014"]
[Site "Pula CRO"]
[Date "2014.06.10"]
[Round "5.9"]
[White "Papp, Tamas1"]
[Black "Jovanic, Ognjen"]
[Result "0-1"]
[WhiteTitle "FM"]
[BlackTitle "GM"]
[WhiteElo "2276"]
[BlackElo "2489"]
[WhiteFideId "725447"]
[BlackFideId "14504081"]
[EventDate "2014.06.07"]
[EventType "swiss"]

1. Nf3 Nf6 2. g3 d5 3. Bg2 c6 4. O-O Bf5 5. d3 e6 6. c4 Be7 7. Be3 O-O 8. Qb3
Qc8 9. Nc3 Na6 10. cxd5 exd5 11. Rac1 Rd8 12. Bd4 Nc7 13. Rfe1 h6 14. Na4 Ne6
15. Bc5 Bxc5 16. Nxc5 Nxc5 17. Rxc5 b6 18. Rc2 c5 19. a4 Rb8 20. Ne5 Qe6 21. f4
Ng4 22. e4 Nxe5 23. fxe5 Qxe5 24. a5 Be6 25. Qa3 c4 26. Kh1 cxd3 27. Qxd3 dxe4
28. Qxe4 Qxa5 29. Rf1 Rbc8 30. Rcf2 Rd2 31. b4 Qa2 32. Rxd2 Qxd2 33. Kg1 a5 34.
b5 Qg5 35. Qb7 Qc5+ 36. Kh1 Qxb5 0-1

[Event "28th Pula Open 2014"]
[Site "Pula CRO"]
[Date "2014.06.10"]
[Round "5.10"]
[White "Licardo, Renato"]
[Black "Kovacevic, Blazimir"]
[Result "1/2-1/2"]
[BlackTitle "IM"]
[WhiteElo "2186"]
[BlackElo "2474"]
[WhiteFideId "14503573"]
[BlackFideId "14502712"]
[EventDate "2014.06.07"]
[EventType "swiss"]

1. e4 c6 2. d4 d5 3. exd5 cxd5 4. Bd3 Nc6 5. c3 Qc7 6. Ne2 Bg4 7. f3 Bd7 8. Bf4
e5 9. dxe5 Nxe5 10. O-O Bd6 11. Bxe5 Bxe5 12. f4 Bf6 13. Na3 Ne7 14. Kh1 O-O 15.
Nc2 Qb6 16. Qd2 Rad8 17. Ncd4 Nc6 18. Rae1 Rfe8 19. Bb1 Bh4 20. Rd1 Bg4 21. Nf3
Qe3 22. Bd3 Bf2 23. Qxe3 Bxe3 24. h3 Bxf3 25. Rxf3 Bb6 26. Bb5 a6 27. Bxc6 bxc6
28. Nd4 Bxd4 29. Rxd4 Re2 30. Rb4 h5 31. Kg1 c5 32. Rb7 d4 33. Rd3 Rd6 34. Kf1
Rc2 35. cxd4 Rxd4 36. Rxd4 cxd4 37. Rb3 h4 38. a4 Rd2 39. a5 Kh7 40. Rb6 d3 41.
Rxa6 Rxb2 42. Rd6 Ra2 43. a6 f6 44. Rxd3 Rxa6 45. Kf2 Kg6 46. Kf3 Ra2 47. Rb3
Kh7 48. Rc3 Kh6 49. Rb3 g6 50. Rc3 g5 51. fxg5+ fxg5 52. Rb3 Kh5 53. Rc3 Ra6 54.
Kf2 Ra2+ 55. Kf3 Ra6 56. Kf2 Ra2+ 57. Kf3 Ra6 58. Kf2 Ra2+ 59. Kf3 1/2-1/2

[Event "28th Pula Open 2014"]
[Site "Pula CRO"]
[Date "2014.06.10"]
[Round "5.11"]
[White "Maier, Christian"]
[Black "Jeran, Bostjan"]
[Result "1-0"]
[WhiteTitle "IM"]
[WhiteElo "2369"]
[BlackElo "2179"]
[WhiteFideId "4601955"]
[BlackFideId "14604612"]
[EventDate "2014.06.07"]
[EventType "swiss"]

1. e4 e5 2. Nf3 Nf6 3. Nc3 Bb4 4. a3 Bxc3 5. dxc3 O-O 6. Bg5 h6 7. Bh4 d6 8. Bd3
Bg4 9. h3 Be6 10. g4 g5 11. Bg3 Nh7 12. Nd2 Nc6 13. Qe2 Ne7 14. Nf1 Ng6 15. Ne3
d5 16. exd5 Bxd5 17. Nxd5 Qxd5 18. Be4 Qd6 19. Rd1 Qb6 20. O-O Rfe8 21. Qc4 Nhf8
22. Rfe1 Re7 23. b4 Kg7 24. Rd5 Rae8 25. Rb5 Qd6 26. Rxb7 Qd2 27. Re3 Nf4 28.
Kh2 h5 29. gxh5 Nxh5 30. Qe2 Qxe2 31. Rxe2 Nf4 32. Rd2 c5 33. Rxe7 Rxe7 34. b5
c4 35. a4 N8e6 36. a5 Nc5 37. Bc6 f5 38. Rd6 e4 39. Rd4 Nb7 40. Rd7 Rxd7 41.
Bxd7 Kf6 42. a6 Nc5 43. Bc6 Na4 44. h4 Nd3 45. Bb8 Nxf2 46. Bxa7 Ng4+ 47. Kg1 e3
48. Bd4+ Ke6 49. Bf3 Ne5 50. Bxe5 g4 51. Bd4 1-0

[Event "28th Pula Open 2014"]
[Site "Pula CRO"]
[Date "2014.06.10"]
[Round "5.12"]
[White "Vasic, Bosko"]
[Black "Yrjola, Jouni"]
[Result "1-0"]
[BlackTitle "GM"]
[WhiteElo "2126"]
[BlackElo "2366"]
[WhiteFideId "14503972"]
[BlackFideId "500011"]
[EventDate "2014.06.07"]
[EventType "swiss"]

1. e4 c5 2. Nf3 d6 3. d4 cxd4 4. Nxd4 Nf6 5. Nc3 a6 6. Bc4 e6 7. O-O Nc6 8. Re1
Be7 9. Nxc6 bxc6 10. e5 dxe5 11. Qxd8+ Kxd8 12. Rxe5 Nd5 13. Ne2 Bd6 14. Rh5 Ke7
15. Nd4 Bb7 16. Rh3 c5 17. Nb3 a5 18. a4 Nb4 19. c3 Nd5 20. Bd2 h6 21. Bb5 Rhc8
22. Re1 c4 23. Nd4 Bf4 24. Bxf4 Nxf4 25. Rg3 Kf6 26. Nf3 Nd3 27. Re2 Rc5 28. Rd2
Ba6 29. Nd4 e5 30. Rf3+ Kg6 31. Bc6 Rb8 32. Be4+ Kh5 33. Nf5 Rxb2 34. Nxg7+ Kg5
35. Rxb2 Nxb2 36. Rf5+ Kh4 37. g3+ Kh3 38. Bg2+ 1-0

[Event "28th Pula Open 2014"]
[Site "Pula CRO"]
[Date "2014.06.10"]
[Round "5.13"]
[White "Dauth, Benjamin"]
[Black "Blagojevic, Marijan"]
[Result "1-0"]
[WhiteTitle "FM"]
[WhiteElo "2345"]
[BlackElo "2143"]
[WhiteFideId "4688104"]
[BlackFideId "14513960"]
[EventDate "2014.06.07"]
[EventType "swiss"]

1. e4 c5 2. c3 d5 3. exd5 Qxd5 4. d4 Nf6 5. Nf3 Bg4 6. Qa4+ Bd7 7. Qb3 Qxb3 8.
axb3 cxd4 9. Nxd4 e5 10. Nb5 Bxb5 11. Bxb5+ Nbd7 12. O-O a6 13. Re1 Bd6 14. Bg5
O-O-O 15. Bxd7+ Rxd7 16. Nd2 Nd5 17. Ne4 f6 18. Bd2 Be7 19. Kf1 Rhd8 20. Bc1 g6
21. Nd2 Nb6 22. Ke2 Kb8 23. Nc4 Nxc4 24. bxc4 Rc8 25. b3 Rcd8 26. Be3 Rd3 27.
Bd4 e4 28. f3 f5 29. fxe4 fxe4 30. Rad1 Rxd1 31. Rxd1 Bg5 32. Rf1 Kc7 33. g3 Rd7
34. h4 Bh6 35. g4 Bg7 36. Ke3 Re7 37. Rf4 Bh6 38. g5 Bg7 39. Bxg7 Rxg7 40. Rxe4
Kd6 41. Kd4 Rf7 42. c5+ Kd7 43. b4 Rf3 44. Kc4 Kc6 45. Re6+ Kd7 46. Rd6+ Kc8 47.
Rf6 Rxf6 48. gxf6 Kd7 49. Kd5 h6 50. c4 g5 51. hxg5 hxg5 52. b5 1-0

[Event "28th Pula Open 2014"]
[Site "Pula CRO"]
[Date "2014.06.10"]
[Round "5.14"]
[White "Saradjen, Janko"]
[Black "Mihalincic, Tomislav"]
[Result "0-1"]
[BlackTitle "FM"]
[WhiteElo "2115"]
[BlackElo "2317"]
[WhiteFideId "14601818"]
[BlackFideId "14503867"]
[EventDate "2014.06.07"]
[EventType "swiss"]

1. e4 e5 2. Nf3 Nc6 3. d4 exd4 4. c3 d3 5. Bxd3 Bc5 6. Bc4 d6 7. O-O Bg4 8. Qb3
Qd7 9. Bxf7+ Qxf7 10. Qxb7 Kd7 11. Qxa8 Bxf3 12. gxf3 Ne5 13. f4 Qg6+ 14. Kh1
Ne7 15. Qb7 Rb8 16. Qxb8 Qxe4+ 17. f3 Nxf3 18. Qb5+ c6 19. Qb7+ Ke6 20. f5+ Kf6
21. Kg2 Ne5+ 0-1

[Event "28th Pula Open 2014"]
[Site "Pula CRO"]
[Date "2014.06.10"]
[Round "5.15"]
[White "Jusic, Zdenko"]
[Black "Mestek, Igor"]
[Result "0-1"]
[WhiteTitle "IM"]
[WhiteElo "2289"]
[BlackElo "2130"]
[WhiteFideId "14501902"]
[BlackFideId "14602270"]
[EventDate "2014.06.07"]
[EventType "swiss"]

1. e4 d5 2. exd5 Nf6 3. c4 c6 4. d4 cxd5 5. Nc3 Nc6 6. Bg5 Be6 7. Nge2 h6 8.
Bxf6 exf6 9. a3 dxc4 10. d5 Ne5 11. Ng3 Bg4 12. f3 Bd7 13. f4 Nd3+ 14. Bxd3 cxd3
15. Qxd3 Qb6 16. Qe2+ Kd8 17. O-O-O Bd6 18. Qf3 f5 19. Rhe1 Rc8 20. Re2 Qb3 21.
Rc2 Ba4 22. Rdd2 Re8 23. Nge2 Bd7 24. g3 Ba4 25. Qd3 Bd7 26. Nd4 Re1+ 27. Rd1
Rxd1+ 28. Kxd1 Qb6 29. Nce2 Rxc2 30. Qxc2 g6 31. Qc3 Qc5 32. Qxc5 Bxc5 33. Kd2
Kc7 34. Kd3 Kd6 35. b4 Bb6 36. Kc4 a6 37. Nc3 Ba7 38. a4 Bb6 39. a5 Bd8 40. Nb3
b6 41. axb6 Bxb6 42. Nc5 Bc8 43. N5a4 Bg1 44. b5 Bb7 45. b6 h5 46. Kb4 f6 47.
Ka5 Bd4 48. Kb4 g5 49. Ne2 Be3 50. Kc4 Bxd5+ 51. Kd3 Bf2 52. Nd4 Be4+ 53. Kc4
gxf4 54. gxf4 Be3 55. Nc3 Bxf4 56. Nxe4+ fxe4 57. b7 Kd7 58. Kd5 e3 59. Ke4 Bxh2
60. Kxe3 Kc7 61. Nf3 Bg3 62. Nd4 Kxb7 63. Nf5 h4 64. Kf3 a5 65. Ke4 a4 66. Kd4
Bf2+ 0-1

[Event "28th Pula Open 2014"]
[Site "Pula CRO"]
[Date "2014.06.10"]
[Round "5.16"]
[White "Kaczur, Florian"]
[Black "Viviani, Alessio"]
[Result "1/2-1/2"]
[WhiteElo "2289"]
[BlackElo "2114"]
[WhiteFideId "705098"]
[BlackFideId "856550"]
[EventDate "2014.06.07"]
[EventType "swiss"]

1. e4 c5 2. Nf3 g6 3. d4 cxd4 4. Qxd4 Nf6 5. Bb5 a6 6. e5 axb5 7. exf6 Nc6 8.
Qh4 Ra4 9. fxe7 Bxe7 10. Qh6 Re4+ 11. Kd1 d5 12. Bg5 Bg4 13. Bxe7 Qxe7 14. Nc3
Bxf3+ 15. gxf3 Re5 16. Qg7 Rf8 17. f4 Re6 18. f5 gxf5 19. Nxb5 Re5 20. c3 Kd7
21. Qg3 Re8 22. Qd3 Re1+ 23. Rxe1 Qxe1+ 24. Kc2 Qe2+ 25. Qxe2 Rxe2+ 26. Kb3 Rxf2
27. Rd1 Rxh2 1/2-1/2

[Event "28th Pula Open 2014"]
[Site "Pula CRO"]
[Date "2014.06.10"]
[Round "5.17"]
[White "Beletic, Daniel"]
[Black "Ivanovic, Andrej"]
[Result "1-0"]
[WhiteElo "2270"]
[BlackElo "2106"]
[WhiteFideId "14602709"]
[BlackFideId "14604418"]
[EventDate "2014.06.07"]
[EventType "swiss"]

1. d4 e6 2. c4 f5 3. Nc3 Nf6 4. Qc2 Bb4 5. Bd2 O-O 6. e3 d6 7. Bd3 Nc6 8. Nge2
g6 9. a3 Bxc3 10. Bxc3 e5 11. f3 Qe7 12. d5 Nd8 13. O-O Nf7 14. Rae1 Bd7 15. b4
Kh8 16. Qb2 Nh5 17. f4 Rae8 18. e4 Ng7 19. Ng3 fxe4 20. Nxe4 Bf5 21. Nf2 Kg8 22.
Bxf5 Nxf5 23. fxe5 Nxe5 24. Bxe5 dxe5 25. Ng4 e4 26. Rxf5 1-0

[Event "28th Pula Open 2014"]
[Site "Pula CRO"]
[Date "2014.06.10"]
[Round "5.18"]
[White "Zuttioni, Federico"]
[Black "Sevo, Igor"]
[Result "1/2-1/2"]
[WhiteElo "2081"]
[BlackElo "2259"]
[WhiteFideId "849596"]
[BlackFideId "14503174"]
[EventDate "2014.06.07"]
[EventType "swiss"]

1. e4 c5 2. Nf3 d6 3. g3 g6 4. Bg2 Bg7 5. O-O Nc6 6. Re1 e5 7. d3 Nge7 8. Be3
O-O 9. Qc1 Nd4 10. c3 Nxf3+ 1/2-1/2

[Event "28th Pula Open 2014"]
[Site "Pula CRO"]
[Date "2014.06.10"]
[Round "5.19"]
[White "Mihalinec, Damir"]
[Black "Krsnik Cohar, Ivan Vihor"]
[Result "1-0"]
[WhiteElo "2247"]
[BlackElo "2106"]
[WhiteFideId "14504260"]
[BlackFideId "14520044"]
[EventDate "2014.06.07"]
[EventType "swiss"]

1. c4 e5 2. Nc3 Nf6 3. Nf3 Nc6 4. g3 d5 5. cxd5 Nxd5 6. Bg2 Nb6 7. O-O Be7 8. a3
a5 9. d3 O-O 10. Be3 Bg4 11. Rc1 Kh8 12. Ne4 Nd7 13. Qa4 f5 14. Nc5 Nxc5 15.
Bxc5 Bxc5 16. Rxc5 Qd6 17. Rfc1 Rae8 18. Qb5 e4 19. dxe4 fxe4 20. Ng5 Qf6 21.
Qxb7 Qxf2+ 22. Kh1 Nd8 23. Qb3 h6 24. Qc3 Rf5 25. Nxe4 Qxe2 26. Rxc7 Ne6 27. Rc4
Bf3 28. Bxf3 Rxf3 29. Qe1 Qxb2 30. Rc8 Rxc8 31. Rxc8+ Kh7 32. Nd2 Qb7 33. Nxf3
Qxc8 34. Qxa5 Qc1+ 35. Kg2 Qc2+ 36. Qd2 Qb3 37. Qb4 Qc2+ 38. Nd2 Ng5 39. Qb1
Qxb1 40. Nxb1 Kg6 41. a4 Ne6 42. Kf3 Kf5 43. Nc3 h5 44. a5 Nc5 45. Nd5 Na6 46.
Ke3 Kg4 47. Kd4 h4 48. Ne3+ Kh3 49. gxh4 g6 50. Kc4 Kxh2 51. Ng4+ Kg3 52. Ne5
Kxh4 53. Nxg6+ Kg5 54. Kb5 Nc7+ 55. Kc6 Na6 56. Ne7 Kf6 57. Nd5+ Ke5 58. Nc7
Nb8+ 59. Kc5 Nd7+ 60. Kb5 Nb8 61. Na6 Nd7 62. Nc5 Nb8 63. Nd7+ Nxd7 64. a6 Nf8
65. a7 Ne6 66. Kb6 1-0